Whoops - Kae Tempest Lyrics - Statistics

General Stats
  • This quiz has been taken 3 times
  • The average score is 440 of 691
Answer Stats
Answers % Correct
a
100%
A
100%
all
100%
an
100%
and
100%
And
100%
I
100%
is
100%
it,
100%
it
100%
it?
100%
It
100%
It's
100%
it's
100%
me
100%
me,
100%
my
100%
My
100%
of
100%
on
100%
on,
100%
out,
100%
Out
100%
so
100%
the
100%
was
100%
Was
100%
with
100%
you
100%
You
100%
you,
100%
you?
100%
14
67%
again
67%
always
67%
, any
67%
are
67%
at
67%
away
67%
back
67%
Back
67%
back?
67%
be
67%
been
67%
Been
67%
blood
67%
bone
67%
brain
67%
but
67%
But
67%
But,
67%
by
67%
can
67%
come
67%
comes
67%
Could
67%
couldn't
67%
course
67%
dad's
67%
Do
67%
do
67%
dogs
67%
Doors
67%
dream
67%
dream,
67%
eating
67%
end?
67%
end
67%
Even
67%
eyes
67%
face
67%
Face
67%
face,
67%
feeling
67%
feels
67%
Fighting
67%
find
67%
for
67%
friends
67%
From
67%
get
67%
gets
67%
gonna
67%
got
67%
grew
67%
happen
67%
hates
67%
He
67%
he
67%
head
67%
here
67%
he's
67%
his
67%
hold
67%
home
67%
How
67%
how
67%
I'd
67%
if
67%
I'm
67%
in
67%
In
67%
I've
67%
just
67%
kid
67%
kind
67%
kiss
67%
knew
67%
know
67%
Know
67%
last
67%
less
67%
like
67%
look
67%
look,
67%
lose
67%
love
67%
Love
67%
love?
67%
make
67%
met
67%
mind
67%
moved
67%
name
67%
never
67%
Never
67%
no
67%
No,
67%
not
67%
not,
67%
now,
67%
one
67%
over
67%
own
67%
pack
67%
pen,
67%
Pete
67%
place
67%
play
67%
Poems
67%
rain
67%
real
67%
remember
67%
reminds
67%
rent
67%
same
67%
Say
67%
Saying
67%
saying
67%
shared
67%
song,
67%
staggering
67%
still
67%
street
67%
talking
67%
than
67%
that
67%
Then
67%
then
67%
then,
67%
these
67%
thing,
67%
thing
67%
this
67%
This
67%
thoughts
67%
to
67%
To
67%
too
67%
try
67%
Trying
67%
up
67%
up,
67%
wait,
67%
wait
67%
wakes
67%
wanna
67%
Wanna
67%
way
67%
we
67%
well
67%
we're
67%
were
67%
what
67%
when
67%
Whoops!
67%
whos
67%
win
67%
work
67%
would
67%
Writing
67%
writing
67%
your
67%
you're
67%
04:18
33%
ages
33%
air
33%
anyway,
33%
bad
33%
basic
33%
behaviour
33%
bite
33%
black
33%
blown
33%
Burnt
33%
can't
33%
ceiling
33%
cigarette
33%
Climbing
33%
Coming
33%
conversations
33%
Couple
33%
curb
33%
day
33%
days,
33%
days
33%
demons
33%
difficult
33%
does
33%
double
33%
drink
33%
drinks
33%
drugs,
33%
early,
33%
eighth
33%
events,
33%
every
33%
faced
33%
Fast
33%
feet
33%
felt
33%
Found
33%
Fuck
33%
fucking
33%
full
33%
future
33%
getting
33%
gnome
33%
Good
33%
good
33%
gram
33%
Grappling
33%
great
33%
grim
33%
grimacing
33%
grown
33%
half
33%
Halfway
33%
Hands
33%
have
33%
Haven't
33%
having
33%
himself
33%
hits
33%
hours
33%
insane
33%
jabbering
33%
javelins
33%
late
33%
later
33%
life,
33%
Life
33%
live
33%
living
33%
looked
33%
looking
33%
Looking
33%
low
33%
lucky
33%
made
33%
Made
33%
maintenance
33%
Man,
33%
managing
33%
many
33%
mate,
33%
mates
33%
mean
33%
minute
33%
month
33%
much
33%
Must've
33%
nice
33%
night,
33%
night
33%
nights
33%
nightstand
33%
nothing
33%
ocean
33%
old
33%
Or
33%
or
33%
Outrageous
33%
Paced
33%
page
33%
paid
33%
paper
33%
past
33%
payday
33%
people
33%
Pills
33%
plate
33%
pocketful,
33%
pretty
33%
pulsing
33%
Putting
33%
race
33%
rave,
33%
right
33%
right?
33%
right,
33%
rigs
33%
round
33%
running
33%
save
33%
saved
33%
saw
33%
see
33%
See,
33%
sense
33%
shit
33%
shite
33%
since
33%
smart
33%
some
33%
someone
33%
something
33%
sorry,
33%
spilling
33%
splashed
33%
spouting
33%
squidgy
33%
stages
33%
Staring
33%
start
33%
started
33%
starving
33%
State
33%
sticking
33%
strain
33%
stuff,
33%
such
33%
sure
33%
Sworn
33%
take,
33%
take
33%
takes
33%
taking
33%
taste
33%
that's
33%
things
33%
through
33%
thrown
33%
time
33%
time,
33%
times
33%
tokens
33%
Trust
33%
tune
33%
unless
33%
unravel
33%
vast
33%
wages
33%
walls,
33%
wasted
33%
weren't
33%
windows
33%
yeah!
33%
arrogant
0%
ask
0%
bed
0%
blatantly
0%
blood's
0%
choking
0%
Dancing
0%
Funny
0%
gesturing
0%
innit?
0%
joke
0%
jumping
0%
lights
0%
Love's
0%
Lying
0%
Pete's
0%
rubbish
0%
shake
0%
Shoveling
0%
sinking
0%
wildly
0%
No matching quizzes found
Score Distribution
Percent of People with Each Score
Percentile by Number Answered
Your Score History
You have not taken this quiz